000 00828nam a2200205 i 4500
001 7131
003 ES-MaACL
005 20230906145152.0
007 t|
008 930113s1887 sp ||||1| spa d
080 _a616.932(46)"1885"
080 _a31:616.932(46)"1885"
245 0 0 _aCólera morbo asiático en España durante el año 1885 /
_cMinisterio de la Gobernación, Dirección General de Beneficencia y Sanidad, Negociado de Estadística.
260 _a[S.l. :
_bs.n.],
_c1887 (
_eMadrid :
_fSucesores de Rivadeneyra)
300 _a709 p. ;
_c30 cm +
_e2 lám. pleg.
500 _3Es el apéndice general al tomo VI del Boletín de estadística sanitario-demográfica
650 _aCólera-
_zEspaña.
_9171643
710 1 _aEspaña.
_bDirección General de Beneficencia y Sanidad.
_93711
852 _aES-MaACL
_jG-5970
999 _c7131
_d7131